000 00913nam a2200277 i 4500
001 000032117
003 DO-SdBNP
005 20250911105244.0
007 ta
008 110712s197u dr o r 000 0 spa d
040 _aDO-SdBNP
_bspa
_cBNPHU
_erda
041 _aspa
082 _axxxx
_bB912
_222
100 1 _aBrusiloff, Carmenchu
_eautor
_4aut.
_958234
245 1 0 _aSanto Domingo :
_bllave de las indias occidentales. /
_cCarmenchu Brusiloff, Juan Alfredo Biaggi.
264 1 _aSanto Domingo :
_bInstituto Cultural Dominico Americano,
_c[1979?].
300 _a76 páginas :
_bfotografías
_c22 cm.
336 _atexto
_btxt
_2rdacontent
337 _asin mediación
_bn
_2rdamedia
338 _avolumen
_bnc
_2rdacarrier
504 _aBibliografía p: 78-79
590 _aInventariado, 2025/ YL
700 1 _aBiaggi Lama, Juan A.
_d1951-2023
_eautor
_4aut.
_976550
910 _aYLockward
942 _2ddc
_cLBS1
999 _c31608
_d31608